| 000 | 00413nam a2200157Ia 4500 | ||
|---|---|---|---|
| 008 | 160316s2001 xxu||||| |||| 00| 0 eng d | ||
| 082 |
_a346.096000 _bRAO |
||
| 100 | _aRao G B | ||
| 245 | _aA practical guide on issues related to dishonour of cheques | ||
| 250 | _a | ||
| 260 |
_aAgra _bWadhwa and Co. _c2001 |
||
| 300 |
_a294p _b _cxxi |
||
| 365 | _b Rs.295 | ||
| 650 | _a1. Banking Law | ||
| 700 |
_aSharma S P _a |
||
| 999 |
_c22502 _d22502 |
||